Localidad y globalización en la dinámica migratoria hacia los Estados Unidos desde áreas urbano-marginales y rurales: el caso de los municipios de El Progreso y El Negrito en el departamento de Yoro, Honduras /
Uloženo v:
| Hlavní autor: | |
|---|---|
| Médium: | Text |
| Témata: | |
| Tagy: |
Přidat tag
Žádné tagy, Buďte první, kdo vytvoří štítek k tomuto záznamu!
|
MARC
| LEADER | 00000 a a2200000 04500 | ||
|---|---|---|---|
| 001 | 6945 | ||
| 003 | |||
| 040 | |||
| 100 | |a Barahona, Marvin | ||
| 245 | |a Localidad y globalización en la dinámica migratoria hacia los Estados Unidos desde áreas urbano-marginales y rurales: el caso de los municipios de El Progreso y El Negrito en el departamento de Yoro, Honduras / |c Marvin Barahona | ||
| 650 | |a MIGRACION | ||
| 650 | |a GLOBALIZACION | ||
| 650 | |a HONDUREÑOS | ||
| 650 | |a ESTADOS UNIDOS | ||
| 773 | |g volumen 40, número 80; páginas 83-96 | ||
| 999 | |c 32882 |d 32882 | ||
